000 00782nam a2200277 a 4500
003 AR-BaBNM
005 20251128205918.0
008 082120s2002 ||||||||||||||000 | spa||
020 _a84-387-0568-5
040 _cAR-BaBNM
100 1 _aSierra, Félix
245 0 0 _aConcierto en la clase
_bcanciones populares muy fáciles para voz, flautas o instrumentos en Do, piano y percusión corporal
250 _a1ª ed.
260 _aMadrid
_bReal Musical
_c1995
300 _a49 p.
_bil.
650 4 _aEDUCACION MUSICAL
650 4 _aENSEÑANZA DE LA MUSICA
650 4 _aCANCIONES
650 4 _aMUSICA VOCAL
650 4 _aINSTRUMENTOS MUSICALES
650 4 _aPERCEPCION AUDITIVA
650 4 _aELEMENTOS MUSICALES
650 4 _aRITMO
942 _cBK
998 _cCarmen
999 _c13268
_d13268